Assesing the Impact of Current Trends in Payment Services

Elektronické bankovníctvo. Porovnanie podmienok vybraných poskytovateľov platobných služieb pre podniky. Faktory: efektívnosť informácií, zvyšovanie ochrany a dostupnosti služby, cena elektronických platieb.

Saved in:
Bibliographic Details
Main Author: Štofová, Lenka, 1989-
Other Authors: Szaryszová, Petra, 1984-, Serzhanov, Vytaliy
Format: Book Chapter
Language:English
Subjects:
Tags: Add Tag
No Tags, Be the first to tag this record!

MARC

LEADER 00000naa$a2200000$$$4500
001 0241833
005 20260226075343.4
041 0 |a eng 
044 |a SK 
245 1 0 |a Assesing the Impact of Current Trends in Payment Services  |c Lenka Štofová, Petra Szaryszová, Vytaliy Serzhanov 
520 |a Elektronické bankovníctvo. Porovnanie podmienok vybraných poskytovateľov platobných služieb pre podniky. Faktory: efektívnosť informácií, zvyšovanie ochrany a dostupnosti služby, cena elektronických platieb. 
610 2 0 |a bankovníctvo elektronické 
610 2 0 |a služby podnikateľské 
610 2 0 |a služby bankové 
610 2 0 |a služby digitálne 
610 2 0 |a služby elektronické 
610 2 0 |a služby finančné 
610 2 0 |a podnik 
610 2 0 |a trh finančný 
100 1 |a Štofová, Lenka, 1989- 
700 1 |a Szaryszová, Petra, 1984- 
700 1 |a Serzhanov, Vytaliy